| 000 | 01405 a2200229 4500 | ||
|---|---|---|---|
| 001 | 11255 | ||
| 003 | IN-BhIIT | ||
| 005 | 20260312174538.0 | ||
| 008 | 251224b |||||||| |||| 00| 0 eng d | ||
| 020 | _a9780141036618 (pbk.) | ||
| 040 | _aIN-BhIIT | ||
| 041 | _aeng | ||
| 082 |
_a824.912 _bORW/B |
||
| 100 |
_aOrwell, George _eAuthor _92892 |
||
| 245 |
_aBooks vs cigarettes / _cGeorge Orwell. |
||
| 260 |
_aNew Delhi : _bPenguin Books Ltd., _c2008. |
||
| 300 |
_a126 p. : _bill. ; _c20 cm. |
||
| 504 | _aIncludes bibliographical references. and index. | ||
| 520 | _aBeginning with a dilemma about whether he spends more money on reading or smoking, George Orwell's entertaining and uncompromising essays go on to explore everything from the perils of second-hand bookshops to the dubious profession of being a critic, from freedom of the press to what patriotism really means.Throughout history, some books have changed the world. They have transformed the way we see ourselves - and each other. They have inspired debate, dissent, war and revolution. They have enlightened, outraged, provoked and comforted. They have enriched lives - and destroyed them. Now Penguin brings you the works of the great thinkers, pioneers, radicals and visionaries whose ideas shook civilization and helped make us who we are. | ||
| 650 |
_aEnglish essays  _xModern Period  _x20th Century _926996 |
||
| 942 |
_cGEN _01 |
||
| 999 |
_c14911 _d14911 |
||